000 00646nab a2200181 4500
001 244442
003 OSt
005 20250826083044.0
007 tu
008 200917s2020|||||||
040 _aDE-2950
_cDE-2950
245 0 0 _aNeue Ideen für Slubicer Straße
_bImmobilien. Unbemerkt von der Öffentlichkeit fand eine Ausschreibung zur Gestaltung des Areals statt. Für potentielle Investoren ist das Gewinnnermodell jedoch nicht binden/
_csam, thg
264 _c2024
653 _aFrankfurt (Oder)
653 _aSlubicer Straße
773 0 _g36. Jahrgang (2025) Nr. 196 vom 23.08.2025, S. 15 mit Foto
_tMärkische Oderzeitung
942 _2z
_cA
999 _c373973
_d373973